Inspección y control de productos zoogenos vol.i; carne y derivados /

Guardado en:
Autor Principal: Pellegrini, Enrique A
Formato: Libro
Publicado: Buenos Aires : Hemisferio Sur, 1986
Materias:
Etiquetas: Agregar Etiqueta
Sin Etiquetas, Sea el primero en etiquetar este registro!
LEADER 00705nam a22002055a 4500
001 CEM.cems016857
005 20091116092821.0
008 130507s1986##################000#0#####d
003 CEMS
082 0 4 |a 664 
100 1 |a Pellegrini, Enrique A 
245 1 0 |a Inspección y control de productos zoogenos vol.i; carne y derivados /  |c Enrique A Pellegrini, Alejandro A Silvestredelia I Ochoa Lapuente 
260 |a Buenos Aires :  |b Hemisferio Sur,  |c 1986 
300 |a 589 p. 
653 |a Alimentos-conservacion frigorifica 
653 |a Carne-conservacion 
653 |a Carne-saneamiento 
653 |a Alimentos 
653 |a Alimentos-control 
859 |a CEMS  |b BIB. CEMS - Agricultura  |h 664  |i P366  |p A0208.00  |t Ej.1  |v 1  |3 Vol. 1